Statistics for 50 Biggest Towns in New Zealand

Click here to take the quiz!

General Stats

  • This quiz has been taken 85 times
  • The average score is 26 of 50

Answer Stats

PopulationIslandAnswer% Correct
1,467,800NorthAuckland
100%
215,400NorthWellington
100%
377,200SouthChristchurch
96%
104,500SouthDunedin
94%
135,000NorthTauranga
93%
169,300NorthHamilton
89%
62,800NorthNapier
87%
49,300SouthNelson
87%
48,700SouthInvercargill
85%
80,300NorthPalmerston North
85%
55,300NorthNew Plymouth
81%
15,650SouthQueenstown
81%
52,600NorthWhangarei
81%
35,500NorthGisborne
80%
45,000NorthHastings
78%
54,500NorthRotorua
76%
104,900NorthLower Hutt
72%
23,900NorthTaupo
72%
41,000NorthUpper Hutt
72%
28,300SouthTimaru
69%
39,400NorthWhanganui
67%
26,400SouthBlenheim
65%
8,160SouthGreymouth
61%
17,700NorthLevin
52%
13,150SouthOamaru
52%
7,980SouthGore
50%
8,900SouthWanaka
50%
20,100NorthMasterton
48%
15,850NorthWhakatane
46%
19,600SouthAshburton
43%
19,150NorthCambridge
35%
24,300NorthPukekohe
30%
13,650NorthTokoroa
28%
16,450NorthFeilding
26%
55,500NorthPorirua
26%
18,400SouthRangiora
22%
8,030NorthHuntly
20%
28,900NorthParaparaumu
20%
12,400NorthTe Awamutu
20%
13,950NorthHavelock North
19%
52,400NorthHibiscus Coast
19%
16,350SouthRolleston
19%
9,810NorthHawera
17%
8,230NorthTe Puke
15%
9,660NorthWaiuku
13%
11,850SouthKaiapoi
11%
13,400SouthMosgiel
11%
15,000SouthRichmond
7%
8,680NorthWaiheke (West)
6%
12,100NorthWaikanae
0%

Score Distribution

Percentile by Number Answered

Percent of People with Each Score

Your Score History

You have not taken this quiz